000 00786nam a2200241Ia 4500
003 GCL
008 140319s9999 xx 000 0 ara d
040 _aGCL /
_cGCL
082 0 4 _a301.36
_bق ع
100 1 _aقبارى محمد اسماعيل
245 1 0 _aعلم الاجتماع الحضرى ومشكلات التهجير والتغيير والتنمية /
_cقبارى محمد اسماعيل
260 _aالقاهرة :
_bمنشاة المعارف الاسلامية ،
_c1985
300 _a540
490 _a
650 0 4 _aالبيئة
650 0 4 _aمناهج البحث
650 0 4 _aالاجتماع
650 0 4 _aالمدن
650 0 4 _aالقرى
650 0 4 _aالاجتماع الحضرى
650 0 4 _aالتنمية الحضرية
942 _2ddc
_cBK
999 _c31849
_d31849